Statystyki dla Ekologia wokół nas!

Kliknij tutaj aby rozwiązać quiz!

Ogólne statystyki

  • Ten quiz został rozwiązany 52 razy
  • Średni wynik to 10 z 25

Statystyki odpowiedzi

PytanieOdpowiedź% Poprawnych
Czynniki środowiska wpływające na organizm dzielimy na ożywione iNieożywione
90%
Kto żyje kosztem drugiego organizmu?Pasożyt
81%
Grupa organizmów jednego gatunku żyjąca na tym samym obszarze w określonym czasie.Populacja
60%
Konkurują najczęściej o dostęp do światła, wody i soli mineralnych.Rośliny
60%
Nauka zajmująca się badaniem zależności między organizmami oraz między organizmami a środowiskiemEkologia
55%
Konkurencje dzielimy na wewnątrzgatunkową imiędzygatunkową
55%
Inaczej zwana mutualizmem obligatoryjnymSymbioza
55%
Skradanie się to sposób polowania należący doDrapieżników
52%
Przyczepa się do skóry żywiciela za pomocą specjalnego aparatu z ząbkami.Kleszcz
52%
Najczęściej konkurują o pokarm, dostęp do wody , partnera do rozrodu, terytorium i miejsce schronieniaZwierzęta
52%
Obszar złożony z biocenozy i biotypu, które wzajemnie na siebie oddziałowyją.Ekosystem
48%
Liczba potomstwa wydanego na świat w określonym czasieRozrodczość
43%
Nieożywione środowisko życia organizmów.Biotop
40%
Inaczej zwana mutualizmem fakultatywnym.Protokooperacja
38%
Wszystkie gatunki występujące na danym obszarze w jednym czasie.Biocenoza
36%
Zależność, w której jeden gatunek czerpie korzyści z obecności drugiego nie wyrządzając mu szkód ani nie przynosząc korzyści.Komensalizm
33%
Przyssawki to charakterystyczna cecha którego pasożyta?Tasiemca
31%
Organizm najlepiej będzie się prawidłowo rozwijał w tzw...Optimum
26%
Przestrzeń, w której występuje dany organizm.Siedlisko
26%
Wszystkie wymagania, które muszą być spełnione, aby organizmy danego gatunku mogły przeżyć.Nisza ekologiczna
24%
Wytwarzają związki organiczne ze związków nieorganicznych.Producenci
19%
Zachodzi na obszarze zajętym wcześniej przez biocenezę.Sukcesja wtórna
19%
Przedział wartości danego czynnika środowiska, w którym gatunek jest w stanie przeżyć.Tolerancja ekologiczna
19%
Skala porostowa służy do oceny stopnia zanieczyszczenia powietrza...dwutlenkiem siarki
17%
Związek, który przynosi korzyści obu gatunkom nazywamy.Mutualizmem
14%

Rozkład punktacji

Percentyl według liczby udzielonych odpowiedzi

Procent ludzi z każdym wynikiem

Twoja historia wyników

Nie rozwiązałeś tego quizu